000 01069nam a2200277Ia 4500
003 OSt
005 20221005105949.0
006 a|||||r|||| 00| 0
007 ta
008 221004b |||||||| |||| 00| 0 hin d
020 _a8126005246 (hbk)
_c625
024 _a92148
037 _b537, 24/03/2009, Vani Prakashan
_cTextual
040 _aCRL
_cCRL
_bhin
041 _2hin
_ahin
082 _aO142,3N28,1, 152N9
100 _aआइत्मातोव, चिंगीज़
245 0 _aकसांद्रा दाग़
246 _aKasāandrā dāग़
260 _aनई दिल्ली
_bसाहित्य अकादेमी भारत
_c1999
300 _a295पृ0
_ccm.
650 _aहिन्दी साहित्य
700 _a अ. चारूमति रामदास
_9624012
942 _hO142,3N28,1, 152N9
_cTEXL
_2cc
999 _c1017364
_d1017364